[Event "GER-ch U12"]
[Site "Magdeburg"]
[Date "2014.06.09"]
[Round "3"]
[White "Graf, Justus Felix"]
[Black "Renger, Niklas"]
[Result "0-1"]
[WhiteElo "1681"]
[BlackElo "1804"]
[PlyCount "116"]
[EventDate "2014.06.08"]
[EventType "swiss"]
[EventRounds "11"]
[EventCountry "GER"]
[SourceTitle "CBM 160 Extra"]
[Source "ChessBase"]
[SourceDate "2014.07.01"]
[SourceVersion "1"]
[SourceVersionDate "2014.07.01"]
[SourceQuality "1"]

1. e4 c5 2. Nf3 d6 3. d4 cxd4 4. Nxd4 Nf6 5. Nc3 g6 6. Bc4 Bg7 7. 0-0 0-0 8. Re1 Nc6 9. Nb3 Ne5 10. Bf1 Be6 11. Nd5 Bxd5 12. exd5 Rc8 13. a4 Re8 14. a5 Qc7 15. c3 Ned7 16. a6 bxa6 17. Bxa6 Rb8 18. Na5 Rb6 19. Bc4 Ne5 20. b3 Nxc4 21. Nxc4 Rb5 22. Na3 Rxd5 23. Qf3 Rf5 24. Qd3 Ng4 25. f3 Qc5+ 26. Be3 Nxe3 27. Rxe3 Bh6 28. Nc2 Re5 29. Rae1 Rc8 30. b4 Bxe3+ 31. Rxe3 Rxe3 32. Nxe3 Qxc3 33. Qxc3 Rxc3 34. Nd5 Rc1+ 35. Kf2 Rc2+ 36. Kf1 e6 37. Nf6+ Kf8 38. Nxh7+ Kg7 39. Ng5 Rb2 40. Ne4 Rxb4 41. Nxd6 a5 42. Ke1 a4 43. Ne4 a3 44. Nc3 a2 45. Nxa2 Rb1+ 46. Nc1 Rxc1+ 47. Kd2 Rg1 48. g3 Rg2+ 49. Ke3 Rxh2 50. Ke4 f5+ 51. Kf4 Kf6 52. g4 fxg4 53. Kxg4 e5 54. Kg3 Rc2 55. Kg4 g5 56. Kh3 Kf5 57. Kg3 Rc3 58. Kf2 Kf4 0-1

[Event "Wch U10"]
[Site "Al Ain"]
[Date "2013.12.28"]
[Round "11"]
[White "Graf, Justus Felix"]
[Black "Olsen, Filip Boe"]
[Result "0-1"]
[WhiteElo "1489"]
[BlackElo "1844"]
[PlyCount "78"]
[EventDate "2013.12.18"]
[EventType "swiss"]
[EventRounds "11"]
[EventCountry "UAE"]
[SourceTitle "CBM 158 Extra"]
[Source "ChessBase"]
[SourceDate "2014.02.28"]
[SourceVersion "1"]
[SourceVersionDate "2014.02.28"]
[SourceQuality "1"]

1. e4 c6 2. d4 d5 3. Nc3 dxe4 4. Nxe4 Bf5 5. Ng3 Bg6 6. h4 h6 7. Nf3 Nd7 8. h5 Bh7 9. Bd3 Bxd3 10. Qxd3 e6 11. Bd2 Ngf6 12. 0-0-0 Qc7 13. Qe2 0-0-0 14. Ne5 Nxe5 15. dxe5 Nd5 16. c4 Nb6 17. f4 Rd4 18. Kb1 Nxc4 19. Be3 Rxd1+ 20. Rxd1 Nxe3 21. Qxe3 Kb8 22. Ne4 Be7 23. Nd6 Rd8 24. Rd3 Bxd6 25. exd6 Rxd6 26. f5 e5 27. Ra3 Rd4 28. f6 gxf6 29. Qxh6 Qd6 30. Kc2 Qd7 31. Qxf6 Rd2+ 32. Kc1 Rd1+ 33. Kc2 Qd2+ 34. Kb3 Qe3+ 35. Kb4 Rd4+ 36. Kc5 Rd5+ 37. Kc4 Rc5+ 38. Kb4 Rb5+ 39. Kc4 Qd4# 0-1

[Event "Wch U10"]
[Site "Al Ain"]
[Date "2013.12.27"]
[Round "10"]
[White "Melkonyan, Gor"]
[Black "Graf, Justus Felix"]
[Result "1-0"]
[WhiteElo "1769"]
[BlackElo "1489"]
[PlyCount "50"]
[EventDate "2013.12.18"]
[EventType "swiss"]
[EventRounds "11"]
[EventCountry "UAE"]
[SourceTitle "CBM 158 Extra"]
[Source "ChessBase"]
[SourceDate "2014.02.28"]
[SourceVersion "1"]
[SourceVersionDate "2014.02.28"]
[SourceQuality "1"]

1. e4 c5 2. Nf3 e6 3. c3 d5 4. exd5 Qxd5 5. d4 Nc6 6. Be3 cxd4 7. Nxd4 Nf6 8. Nxc6 Qxd1+ 9. Kxd1 bxc6 10. Nd2 Be7 11. Be2 0-0 12. Bf3 Nd5 13. Bd4 Bd7 14. c4 Nf6 15. Ke2 a6 16. a3 a5 17. b3 Ne8 18. Ne4 Nd6 19. Bc5 Nxe4 20. Bxe7 Rfe8 21. Bxe4 Rxe7 22. b4 Ree8 23. b5 Rec8 24. Rhd1 Rc7 25. b6 Rb7 1-0

[Event "Wch U10"]
[Site "Al Ain"]
[Date "2013.12.24"]
[Round "8"]
[White "Graf, Justus Felix"]
[Black "Bayasgalan, Kherlen"]
[Result "1/2-1/2"]
[WhiteElo "1489"]
[BlackElo "1689"]
[PlyCount "40"]
[EventDate "2013.12.18"]
[EventType "swiss"]
[EventRounds "11"]
[EventCountry "UAE"]
[SourceTitle "CBM 158 Extra"]
[Source "ChessBase"]
[SourceDate "2014.02.28"]
[SourceVersion "1"]
[SourceVersionDate "2014.02.28"]
[SourceQuality "1"]

1. e4 c5 2. Nf3 d6 3. d4 cxd4 4. Nxd4 Nf6 5. Nc3 a6 6. a4 e5 7. Nf3 h6 8. Bc4 Be7 9. 0-0 0-0 10. h3 Qc7 11. Qe2 b6 12. Be3 Bb7 13. Nd2 Nbd7 14. f3 Nc5 15. Nb3 Ne6 16. Rfd1 Rfc8 17. Bd3 Nc5 18. Qf2 Nxd3 19. cxd3 Nd7 20. d4 Qc4 1/2-1/2

[Event "Hessen-ch U10"]
[Site "Bad Homburg"]
[Date "2013.??.??"]
[Round "2"]
[White "Bethke, Robert"]
[Black "Graf, Justus Felix"]
[Result "0-1"]
[WhiteElo "1058"]
[BlackElo "1489"]
[PlyCount "52"]
[EventDate "2013.03.??"]
[EventType "swiss"]
[EventRounds "9"]
[EventCountry "GER"]
[SourceTitle "EXT 2014"]
[Source "ChessBase"]
[SourceDate "2013.11.20"]
[SourceVersion "1"]
[SourceVersionDate "2013.11.20"]
[SourceQuality "1"]

1. d4 Nf6 2. Nf3 g6 3. e3 Bg7 4. Bd2 0-0 5. Nc3 d5 6. h3 Bf5 7. Be2 c6 8. 0-0 Nbd7 9. Re1 Re8 10. a3 Qc7 11. Nh2 e5 12. dxe5 Nxe5 13. Nf3 Ned7 14. Bd3 Ne4 15. Bxe4 Bxe4 16. Rb1 Nf6 17. Nxe4 Nxe4 18. Nh2 Nxf2 19. Kxf2 Qxh2 20. Rh1 Qe5 21. Qe2 Qf5+ 22. Qf3 Qxc2 23. Qe2 d4 24. Rhc1 dxe3+ 25. Bxe3 Qxe2+ 26. Kxe2 Bd4 0-1

[Event "Hessen-ch U10"]
[Site "Bad Homburg"]
[Date "2013.??.??"]
[Round "5"]
[White "Graf, Justus Felix"]
[Black "Bethke, Richard"]
[Result "1-0"]
[WhiteElo "1489"]
[BlackElo "1604"]
[PlyCount "104"]
[EventDate "2013.03.??"]
[EventType "swiss"]
[EventRounds "9"]
[EventCountry "GER"]
[SourceTitle "EXT 2014"]
[Source "ChessBase"]
[SourceDate "2013.11.20"]
[SourceVersion "1"]
[SourceVersionDate "2013.11.20"]
[SourceQuality "1"]

1. e4 c6 2. d4 d5 3. Nc3 Nf6 4. e5 Ne4 5. Nxe4 dxe4 6. Bc4 Bf5 7. Ne2 Nd7 8. Ng3 Bg6 9. 0-0 Nb6 10. Bb3 e6 11. Re1 Nd5 12. Nxe4 Qh4 13. Bxd5 exd5 14. Bg5 Qh5 15. g4 Qh3 16. Re3 Qxe3 17. Bxe3 Bxe4 18. f3 Bg6 19. h4 h5 20. g5 Be7 21. b3 Ba3 22. Qe2 0-0 23. Rf1 f6 24. gxf6 gxf6 25. Qg2 Kh7 26. exf6 Rg8 27. Bg5 Raf8 28. c3 Bd3 29. Re1 Rg6 30. b4 Rfxf6 31. Re7+ Kg8 32. Bxf6 Rxg2+ 33. Kxg2 Bb2 34. Rxb7 Bxc3 35. a3 a5 36. bxa5 Bxa5 37. Rg7+ Kf8 38. Be5 Bb6 39. Rg5 Bd8 40. Rxh5 Be7 41. a4 Bg6 42. Rh8+ Kf7 43. a5 Bd3 44. Ra8 Ke6 45. a6 Bxa6 46. Rxa6 Kd7 47. h5 Bg5 48. Ra7+ Ke6 49. Rc7 Kf5 50. Rxc6 Bf6 51. Rxf6+ Kg5 52. h6 Kh5 1-0

[Event "Hessen-ch U10"]
[Site "Bad Homburg"]
[Date "2013.??.??"]
[Round "4"]
[White "Klee, Jonathan"]
[Black "Graf, Justus Felix"]
[Result "1/2-1/2"]
[WhiteElo "1110"]
[BlackElo "1489"]
[PlyCount "81"]
[EventDate "2013.03.??"]
[EventType "swiss"]
[EventRounds "9"]
[EventCountry "GER"]
[SourceTitle "EXT 2014"]
[Source "ChessBase"]
[SourceDate "2013.11.20"]
[SourceVersion "1"]
[SourceVersionDate "2013.11.20"]
[SourceQuality "1"]

1. e4 c5 2. Nf3 a6 3. Bc4 d6 4. 0-0 Nf6 5. Nc3 g6 6. d3 Bg7 7. Bg5 0-0 8. h3 Nc6 9. Qd2 Bd7 10. Bh6 Qc7 11. Bxg7 Kxg7 12. Nd5 Nxd5 13. Bxd5 e5 14. a3 Nd4 15. Nxd4 cxd4 16. c3 dxc3 17. Qxc3 Qxc3 18. bxc3 Rab8 19. Rab1 b5 20. c4 f5 21. exf5 Bxf5 22. Rfd1 h5 23. cxb5 Rxb5 24. Rxb5 axb5 25. Be4 Rc8 26. Rb1 Rc3 27. Rxb5 Rxa3 28. Bxf5 gxf5 29. Rd5 Ra6 30. d4 Ra1+ 31. Kh2 Rd1 32. Rxd6 Rxd4 33. Rxd4 exd4 34. Kg3 Kf6 35. Kf3 Ke5 36. Ke2 Ke4 37. f3+ Kf4 38. g4 hxg4 39. hxg4 fxg4 40. fxg4 Kxg4 41. Kd3 1/2-1/2

[Event "GER-ch Net qual4 U14"]
[Site "Playchess.com INT"]
[Date "2012.09.12"]
[Round "5"]
[White "Mersch, Peter Daniel"]
[Black "Graf, Justus Felix"]
[Result "1/2-1/2"]
[WhiteElo "1113"]
[BlackElo "1320"]
[PlyCount "73"]
[EventDate "2012.09.12"]
[EventType "swiss (blitz)"]
[EventRounds "7"]
[EventCountry "GER"]
[SourceTitle "CBM 150 Extra"]
[Source "ChessBase"]
[SourceDate "2012.10.19"]
[SourceVersion "1"]
[SourceVersionDate "2012.10.19"]
[SourceQuality "1"]

1. e4 c5 2. Nf3 a6 3. d4 cxd4 4. Nxd4 Nf6 5. Nc3 e5 6. Nf3 Nc6 7. Bg5 Bb4 8. Bc4 0-0 9. 0-0 h6 10. Bh4 d6 11. Nd5 Be6 12. Nxf6+ gxf6 13. Bxe6 fxe6 14. h3 Kh7 15. Nh2 Rg8 16. Qf3 Rg6 17. Ng4 Nd4 18. Nxf6+ Kh8 19. Qh5 Rxf6 20. f4 Qf8 21. Bxf6+ Qxf6 22. fxe5 Qg7 23. Rf7 Qg5 24. Qxg5 hxg5 25. exd6 Bxd6 26. Rd1 Be5 27. c3 Nc6 28. Rxb7 Rf8 29. Rb6 Na5 30. Rxe6 Nc4 31. Rxa6 Bg3 32. Rd7 Ne3 33. Rh6+ Kg8 34. Rg6+ Kh8 35. Rh6+ Kg8 36. Rg6+ Kh8 37. Rh6+ 1/2-1/2

[Event "GER-ch Net qual4 U14"]
[Site "Playchess.com INT"]
[Date "2012.09.12"]
[Round "4"]
[White "Von Bargen, Lukas"]
[Black "Graf, Justus Felix"]
[Result "1-0"]
[WhiteElo "1370"]
[BlackElo "1335"]
[PlyCount "21"]
[EventDate "2012.09.12"]
[EventType "swiss (blitz)"]
[EventRounds "7"]
[EventCountry "GER"]
[SourceTitle "CBM 150 Extra"]
[Source "ChessBase"]
[SourceDate "2012.10.19"]
[SourceVersion "1"]
[SourceVersionDate "2012.10.19"]
[SourceQuality "1"]

1. d4 d5 2. Nf3 c6 3. Bf4 Nf6 4. e3 Bf5 5. c4 e6 6. Nc3 Be7 7. Be2 0-0 8. Ne5 Nbd7 9. Qb3 b6 10. Nxc6 Qc8 11. Nxe7+ 1-0

[Event "GER-ch Net qual2 U14"]
[Site "Playchess.com INT"]
[Date "2012.09.05"]
[Round "2"]
[White "Graf, Justus Felix"]
[Black "Wastian, Jan"]
[Result "0-1"]
[WhiteElo "1218"]
[BlackElo "1435"]
[PlyCount "144"]
[EventDate "2012.09.05"]
[EventType "swiss (blitz)"]
[EventRounds "7"]
[EventCountry "GER"]
[SourceTitle "CBM 150 Extra"]
[Source "ChessBase"]
[SourceDate "2012.10.19"]
[SourceVersion "1"]
[SourceVersionDate "2012.10.19"]
[SourceQuality "1"]

1. e4 c6 2. d4 d5 3. Nc3 dxe4 4. Nxe4 Nd7 5. Nf3 Ngf6 6. Ng3 e6 7. Bg5 Be7 8. Bd3 0-0 9. Qd2 c5 10. 0-0-0 cxd4 11. Nxd4 Nc5 12. Nf3 Nxd3+ 13. Qxd3 Qxd3 14. Rxd3 b6 15. Ne4 Nxe4 16. Bxe7 Re8 17. Bh4 Ba6 18. Rd4 Nc5 19. Rhd1 f6 20. Bg3 Rac8 21. Re1 Nd3+ 22. Rxd3 Bxd3 23. c3 e5 24. Rd1 Be2 25. Rd2 Bxf3 26. gxf3 Red8 27. Re2 Rd3 28. f4 Rcd8 29. fxe5 fxe5 30. Bxe5 Re8 31. Kc2 Rd5 32. f4 g5 33. Rg2 h6 34. h4 Kf7 35. hxg5 hxg5 36. Rxg5 Rg8 37. Rf5+ Ke6 38. Rf6+ Ke7 39. Rh6 Rf8 40. Rh5 Rf7 41. Bf6+ Ke6 42. Bg5 Kf5 43. Kb3 Ke4 44. Kc4 Rxf4 45. Rh4 Rxh4 46. Bxh4 Rd2 47. Kb3 Kd5 48. Bg3 a6 49. Bc7 b5 50. Ba5 Kc5 51. Bb4+ Kd5 52. Ba5 Rg2 53. Bb4 Ke4 54. Bd6 Kd3 55. Bb4 Ke2 56. Bc5 Kd1 57. Bb4 Kc1 58. Ba3 Kb1 59. c4 bxc4+ 60. Kxc4 Kxa2 61. Bc5 Kxb2 62. Bb6 Kc1 63. Kb4 Rb2+ 64. Ka5 Ra2+ 65. Kb4 Kc2 66. Bc5 a5+ 67. Kc4 Ra4+ 68. Kd5 Rg4 69. Bb6 a4 70. Kc5 Kb3 71. Ba5 a3 72. Bb6 a2 0-1

[Event "GER-ch Net qual2 U14"]
[Site "Playchess.com INT"]
[Date "2012.09.05"]
[Round "1"]
[White "Kreyssig, Bruno"]
[Black "Graf, Justus Felix"]
[Result "1-0"]
[WhiteElo "1549"]
[BlackElo "1218"]
[PlyCount "95"]
[EventDate "2012.09.05"]
[EventType "swiss (blitz)"]
[EventRounds "7"]
[EventCountry "GER"]
[SourceTitle "CBM 150 Extra"]
[Source "ChessBase"]
[SourceDate "2012.10.19"]
[SourceVersion "1"]
[SourceVersionDate "2012.10.19"]
[SourceQuality "1"]

1. e4 c5 2. Nf3 a6 3. Nc3 Nc6 4. d4 cxd4 5. Nxd4 Nf6 6. Be3 e5 7. Nb3 Bb4 8. f3 0-0 9. Be2 d5 10. exd5 Nxd5 11. Bd2 Nxc3 12. Bxc3 Bxc3+ 13. bxc3 Be6 14. 0-0 Rc8 15. Bd3 Ne7 16. Qd2 Nd5 17. c4 Nf4 18. Rfe1 f6 19. Rad1 Bxc4 20. Bxc4+ Rxc4 21. Qxd8 Rxd8 22. Rxd8+ Kf7 23. Red1 Rxc2 24. R1d7+ Kg6 25. Rd2 Rc3 26. g3 Ne6 27. R8d3 Rc4 28. Na5 Rc1+ 29. Kg2 Rb1 30. Rb3 Rc1 31. Rxb7 Nd4 32. Nb3 Ne6 33. Rb6 Nf8 34. Nxc1 h6 35. Rxa6 Nh7 36. a4 Ng5 37. a5 Nf7 38. Nd3 Ng5 39. Nxe5+ Kf5 40. Nc4 Kg6 41. Rb6 Nh7 42. a6 Ng5 43. a7 Nh7 44. a8Q Ng5 45. Qe8+ Kh7 46. Rd8 Nf7 47. Qxf7 f5 48. Qg8# 1-0

[Event "GER-ch U10"]
[Site "Oberhof"]
[Date "2012.06.01"]
[Round "10"]
[White "Graf, Justus Felix"]
[Black "Keymer, Vincent"]
[Result "0-1"]
[WhiteElo "1507"]
[BlackElo "1721"]
[PlyCount "48"]
[EventDate "2012.05.27"]
[EventType "swiss"]
[EventRounds "11"]
[EventCountry "GER"]
[SourceTitle "CBM 148 Extra"]
[Source "ChessBase"]
[SourceDate "2012.06.22"]
[SourceVersion "1"]
[SourceVersionDate "2012.06.22"]
[SourceQuality "1"]

1. e4 c5 2. Nc3 e6 3. Nf3 a6 4. d4 cxd4 5. Nxd4 Qc7 6. Nb3 d6 7. Be3 Nf6 8. Bd3 b5 9. 0-0 Bb7 10. a3 Be7 11. f4 0-0 12. Qf3 Nbd7 13. Qh3 e5 14. Rf3 exf4 15. Bxf4 Ne5 16. Bxe5 dxe5 17. Rg3 Bc8 18. Qh6 Ng4 19. Qd2 Qb6+ 20. Kf1 Nxh2+ 21. Ke2 Bg4+ 22. Rxg4 Nxg4 23. Qe1 Qe3+ 24. Kd1 Nf2+ 0-1

[Event "GER-ch U10"]
[Site "Oberhof"]
[Date "2012.05.30"]
[Round "7"]
[White "Wierzbicki, Jirawat"]
[Black "Graf, Justus Felix"]
[Result "0-1"]
[WhiteElo "1541"]
[BlackElo "1507"]
[PlyCount "70"]
[EventDate "2012.05.27"]
[EventType "swiss"]
[EventRounds "11"]
[EventCountry "GER"]
[SourceTitle "CBM 148 Extra"]
[Source "ChessBase"]
[SourceDate "2012.06.22"]
[SourceVersion "1"]
[SourceVersionDate "2012.06.22"]
[SourceQuality "1"]

1. e4 c6 2. d4 d5 3. Nc3 dxe4 4. Nxe4 Bf5 5. Ng3 Bg6 6. Bc4 Nf6 7. N1e2 h6 8. 0-0 e6 9. f4 Bd6 10. f5 exf5 11. Nxf5 0-0 12. Nxd6 Qxd6 13. Nf4 Bh7 14. c3 Nbd7 15. Be3 Nb6 16. Bb3 Nbd5 17. Nxd5 Nxd5 18. Bd2 Rae8 19. Qf3 Be4 20. Qf2 Re6 21. Rfe1 Rf6 22. Qe2 Bg6 23. Rad1 b5 24. g3 a5 25. c4 a4 26. cxd5 axb3 27. dxc6 bxa2 28. Ra1 Qxd4+ 29. Be3 Qd3 30. Qxd3 Bxd3 31. Rxa2 Rxc6 32. Rd1 Bc4 33. Ra3 Re8 34. Kf2 Rf6+ 35. Kg2 b4 0-1

[Event "Hessen-ch U10"]
[Site "Bad Homburg"]
[Date "2012.??.??"]
[Round "2"]
[White "Martin, Lukas"]
[Black "Graf, Justus Felix"]
[Result "0-1"]
[WhiteElo "770"]
[BlackElo "1359"]
[PlyCount "54"]
[EventDate "2012.04.??"]
[EventType "swiss"]
[EventRounds "9"]
[EventCountry "GER"]
[SourceTitle "EXT 2015"]
[Source "ChessBase"]
[SourceDate "2014.11.20"]
[SourceVersion "1"]
[SourceVersionDate "2014.11.20"]
[SourceQuality "1"]

1. d4 c6 2. c4 d5 3. Nc3 Nf6 4. Bg5 dxc4 5. e4 Bg4 6. Nf3 Bxf3 7. Qxf3 Qxd4 8. Rd1 Qc5 9. Be3 Qb4 10. Rd2 e5 11. Qf5 Nbd7 12. Bg5 g6 13. Qh3 Bg7 14. Bxf6 Nxf6 15. Be2 0-0 16. 0-0 Rad8 17. a3 Qc5 18. b4 Qb6 19. Rfd1 Rxd2 20. Rxd2 a5 21. Rb2 c5 22. Na2 Nxe4 23. Bxc4 cxb4 24. axb4 axb4 25. Rxb4 Qxf2+ 26. Kh1 Qe1+ 27. Bf1 Qxf1# 0-1